Normal view
MARC view
Entry Personal Name
001 - CONTROL NUMBER
- control field: 33283
003 - CONTROL NUMBER IDENTIFIER
- control field: dpl
005 - DATE AND TIME OF LATEST TRANSACTION
- control field: 20110823111112.0
008 - FIXED-LENGTH DATA ELEMENTS
- fixed length control field: 110823|||a|||||| | ||| d
040 ## - CATALOGING SOURCE
- Original cataloging agency: dpl
- Transcribing agency: dpl
100 ## - HEADING--PERSONAL NAME
- Personal name: Bhooshan, Indu,
- Relator term: production.
670 ## - SOURCE DATA FOUND
- Source citation: Work cat.: (dpl)0: Haseena maan jayegi /, p2009.
670 ## - SOURCE DATA FOUND
- Source citation: Work cat.: (dpl)0: Haseena maan jayegi /, p2009.
